<?xml version="1.0" encoding="UTF-8"?>
<record
    xmlns:xsi="http://www.w3.org/2001/XMLSchema-instance"
    xsi:schemaLocation="http://www.loc.gov/MARC21/slim http://www.loc.gov/standards/marcxml/schema/MARC21slim.xsd"
    xmlns="http://www.loc.gov/MARC21/slim">

  <leader>03465nam a2200409 a 4500</leader>
  <controlfield tag="001">dia_4029</controlfield>
  <controlfield tag="003">CHAP</controlfield>
  <controlfield tag="005">20230922130635.0</controlfield>
  <controlfield tag="007">ta</controlfield>
  <controlfield tag="008">220117s2009    sp ad  fr     001 0 spa d</controlfield>
  <datafield tag="010" ind1=" " ind2=" ">
    <subfield code="a">177002</subfield>
  </datafield>
  <datafield tag="020" ind1=" " ind2=" ">
    <subfield code="a">978-84-200-1114-1</subfield>
  </datafield>
  <datafield tag="040" ind1=" " ind2=" ">
    <subfield code="c">CHAP</subfield>
    <subfield code="a">mxchpua</subfield>
  </datafield>
  <datafield tag="050" ind1="1" ind2="0">
    <subfield code="a">TX545 </subfield>
    <subfield code="b">.A53 2009</subfield>
  </datafield>
  <datafield tag="082" ind1="0" ind2="0">
    <subfield code="a">664.07</subfield>
    <subfield code="b">A53 2009</subfield>
    <subfield code="2">20</subfield>
  </datafield>
  <datafield tag="240" ind1="1" ind2="0">
    <subfield code="a">Food analysis.</subfield>
    <subfield code="l">Espa&#xF1;ol</subfield>
  </datafield>
  <datafield tag="245" ind1="1" ind2="0">
    <subfield code="a">An&#xE1;lisis de los alimentos  /</subfield>
    <subfield code="c">James N. BeMiller...[y otros] ; editor S. Suzanne Nielsen ; traductora Ana Cristina Ferrando Navarro</subfield>
  </datafield>
  <datafield tag="264" ind1=" " ind2=" ">
    <subfield code="a">Espa&#xF1;a :</subfield>
    <subfield code="b">Acribia,</subfield>
    <subfield code="c">2017</subfield>
  </datafield>
  <datafield tag="300" ind1=" " ind2=" ">
    <subfield code="a">xiv, 657 p&#xE1;ginas : </subfield>
    <subfield code="b">ilustraciones, tablas, graficas</subfield>
  </datafield>
  <datafield tag="336" ind1=" " ind2=" ">
    <subfield code="a">texto</subfield>
    <subfield code="b">txt</subfield>
    <subfield code="2">rdacontent</subfield>
  </datafield>
  <datafield tag="337" ind1=" " ind2=" ">
    <subfield code="a">sin medio</subfield>
    <subfield code="b">n</subfield>
    <subfield code="2">rdamedia</subfield>
  </datafield>
  <datafield tag="338" ind1=" " ind2=" ">
    <subfield code="a">volumen</subfield>
    <subfield code="b">nc</subfield>
    <subfield code="2">rdacarrier</subfield>
  </datafield>
  <datafield tag="504" ind1=" " ind2=" ">
    <subfield code="a">Incluye bibliograf&#xED;as</subfield>
  </datafield>
  <datafield tag="505" ind1="0" ind2=" ">
    <subfield code="a"> Parte I. Informaci&#xF3;n general -- 
1. Introducci&#xF3;n al an&#xE1;lisis de los alimentos -- 
2. Los reglamentos del gobierno de los Estados Unidos y las normativas internacionales relacionados con el an&#xE1;lisis de los alimentos --
3. El etiquetado nutricional -- 
4. La evaluaci&#xF3;n de los datos anal&#xED;ticos -- 
5. El muestreo y la preparaci&#xF3;n de la muestra -- 
Parte II. El an&#xE1;lisis de la composici&#xF3;n de los alimentos --
6. El an&#xE1;lisis de las humedades y el contenido total de s&#xF3;lidos -- 
7. El an&#xE1;lisis de las cenizas -- 
8. El an&#xE1;lisis de la grasa bruta -- 
9. El an&#xE1;lisis de las prote&#xED;nas -- 
10. El an&#xE1;lisis de los hidratos de carbono -- 
11. El an&#xE1;lisis de las vitaminas -- 
12. El an&#xE1;lisis inorg&#xE1;nico -- 
Parte III. Las propiedades qu&#xED;micas y las caracter&#xED;sticas de los alimentos -- 
13. El pH y la acidez valorable -- 
14. La caracterizaci&#xF3;n de las grasas -- 
15. Los procedimientos para la separaci&#xF3;n y la caracterizaci&#xF3;n de las prote&#xED;nas -- 
16. La utilizaci&#xF3;n de los enzimas en el an&#xE1;lisis de los alimentos -- 
17. Los inmunoensayos -- 
18. Los m&#xE9;todos de an&#xE1;lisis para la biotecnolog&#xED;a agr&#xED;cola (los GMOs) -- 
19. El an&#xE1;lisis de los restos de pesticidas, micotoxinas y medicamentos en los alimentos -- 
20. El an&#xE1;lisis de la presencia de materias extra&#xF1;as -- 
21. La determinaci&#xF3;n de la demanda de ox&#xED;geno -- 
Parte IV. La espectroscopia -- 
22. Los principios b&#xE1;sicos de la espectroscopia -- 
23. La espectroscopia ultravioleta, la visible y la de fluorescencia -- 
24. La espectroscopia infrarroja -- 
25. Las espectroscopia de absorci&#xF3;n y de emisi&#xF3;n at&#xF3;mica -- 
26. La espectrometr&#xED;a de masas -- 
Parte V. La cromatograf&#xED;a -- 
27. Los principios b&#xE1;sicos de la cromatograf&#xED;a -- 
28. La cromatograf&#xED;a l&#xED;quida de alta resoluci&#xF3;n -- 
29. La cromatograf&#xED;a de gases -- 
Parte VI. Las propiedades f&#xED;sicas de los alimentos -- 
30. Fundamentos reol&#xF3;gicos para el an&#xE1;lisis de los alimentos -- 
31. El an&#xE1;lisis t&#xE9;rmico -- 
32. El an&#xE1;lisis del color -- 
&#xCD;ndice alfab&#xE9;tico</subfield>
  </datafield>
  <datafield tag="650" ind1="1" ind2="3">
    <subfield code="a">Alimentos</subfield>
    <subfield code="x">An&#xE1;lisis</subfield>
    <subfield code="x">Problemas, ejercicios, etc.  </subfield>
    <subfield code="9">159911</subfield>
  </datafield>
  <datafield tag="650" ind1="1" ind2="3">
    <subfield code="a">Evaluaci&#xF3;n sensorial de los alimentos  </subfield>
    <subfield code="9">147007</subfield>
  </datafield>
  <datafield tag="650" ind1="1" ind2="3">
    <subfield code="a">Food</subfield>
    <subfield code="x">Analysis</subfield>
    <subfield code="x">Problems, exercises, etc.</subfield>
    <subfield code="9">159912</subfield>
  </datafield>
  <datafield tag="650" ind1="1" ind2="3">
    <subfield code="a">Sensory evaluation  </subfield>
    <subfield code="9">147012</subfield>
  </datafield>
  <datafield tag="700" ind1="1" ind2=" ">
    <subfield code="a">BeMiller, James N.</subfield>
    <subfield code="9">11493</subfield>
    <subfield code="e">autor</subfield>
  </datafield>
  <datafield tag="700" ind1="1" ind2=" ">
    <subfield code="a">Nielsen, S. Suzanne</subfield>
    <subfield code="9">159914</subfield>
    <subfield code="e">editor</subfield>
  </datafield>
  <datafield tag="700" ind1="1" ind2=" ">
    <subfield code="a">Ferrando Navarro, Ana Cristina</subfield>
    <subfield code="9">159913</subfield>
    <subfield code="e">traductora</subfield>
  </datafield>
  <datafield tag="901" ind1=" " ind2=" ">
    <subfield code="a">664.07 A53 2009</subfield>
  </datafield>
  <datafield tag="902" ind1=" " ind2=" ">
    <subfield code="a">M</subfield>
  </datafield>
  <datafield tag="905" ind1=" " ind2=" ">
    <subfield code="a">5232272009                          sp aimn8222223322spa16</subfield>
  </datafield>
  <datafield tag="942" ind1=" " ind2=" ">
    <subfield code="2">ddc</subfield>
  </datafield>
  <datafield tag="942" ind1=" " ind2=" ">
    <subfield code="c">LIBRO</subfield>
  </datafield>
  <datafield tag="999" ind1=" " ind2=" ">
    <subfield code="c">177002</subfield>
    <subfield code="d">177002</subfield>
  </datafield>
  <datafield tag="952" ind1=" " ind2=" ">
    <subfield code="0">0</subfield>
    <subfield code="1">0</subfield>
    <subfield code="2">ddc</subfield>
    <subfield code="4">0</subfield>
    <subfield code="5">5</subfield>
    <subfield code="7">0</subfield>
    <subfield code="8">GRAL</subfield>
    <subfield code="a">IA_</subfield>
    <subfield code="b">IA_</subfield>
    <subfield code="d">2017-11-09</subfield>
    <subfield code="e">Compra</subfield>
    <subfield code="i">Consumo</subfield>
    <subfield code="l">4</subfield>
    <subfield code="o">664.07 A53 2009</subfield>
    <subfield code="p">1102011032</subfield>
    <subfield code="r">2025-12-05 11:11:05</subfield>
    <subfield code="s">2025-11-28</subfield>
    <subfield code="t">Ej. 4</subfield>
    <subfield code="w">2022-01-18</subfield>
    <subfield code="y">LIBRO</subfield>
  </datafield>
  <datafield tag="952" ind1=" " ind2=" ">
    <subfield code="0">0</subfield>
    <subfield code="1">0</subfield>
    <subfield code="2">ddc</subfield>
    <subfield code="4">0</subfield>
    <subfield code="5">1</subfield>
    <subfield code="7">0</subfield>
    <subfield code="8">GRAL</subfield>
    <subfield code="a">IA_</subfield>
    <subfield code="b">IA_</subfield>
    <subfield code="d">2013-11-21</subfield>
    <subfield code="e">Compra</subfield>
    <subfield code="i">C/e</subfield>
    <subfield code="l">0</subfield>
    <subfield code="o">664.07 A53 2009</subfield>
    <subfield code="p">1102009130</subfield>
    <subfield code="r">2022-01-18 00:00:00</subfield>
    <subfield code="t">Ej. 1</subfield>
    <subfield code="w">2022-01-18</subfield>
    <subfield code="y">LIBRO</subfield>
  </datafield>
  <datafield tag="952" ind1=" " ind2=" ">
    <subfield code="0">0</subfield>
    <subfield code="1">0</subfield>
    <subfield code="2">ddc</subfield>
    <subfield code="4">0</subfield>
    <subfield code="5">5</subfield>
    <subfield code="7">0</subfield>
    <subfield code="8">GRAL</subfield>
    <subfield code="a">IA_</subfield>
    <subfield code="b">IA_</subfield>
    <subfield code="d">2016-04-18</subfield>
    <subfield code="e">Compra</subfield>
    <subfield code="i">Consumo</subfield>
    <subfield code="l">1</subfield>
    <subfield code="o">664.07 A53 2009</subfield>
    <subfield code="p">1102010294</subfield>
    <subfield code="r">2023-04-10 00:00:00</subfield>
    <subfield code="s">2023-04-10</subfield>
    <subfield code="t">Ej. 2</subfield>
    <subfield code="w">2022-01-18</subfield>
    <subfield code="y">LIBRO</subfield>
  </datafield>
  <datafield tag="952" ind1=" " ind2=" ">
    <subfield code="0">0</subfield>
    <subfield code="1">0</subfield>
    <subfield code="2">ddc</subfield>
    <subfield code="4">0</subfield>
    <subfield code="5">5</subfield>
    <subfield code="7">0</subfield>
    <subfield code="8">GRAL</subfield>
    <subfield code="a">IA_</subfield>
    <subfield code="b">IA_</subfield>
    <subfield code="d">2017-04-28</subfield>
    <subfield code="e">Compra</subfield>
    <subfield code="i">Consumo</subfield>
    <subfield code="l">2</subfield>
    <subfield code="o">664.07 A53 2009</subfield>
    <subfield code="p">1102010578</subfield>
    <subfield code="r">2024-08-29 19:09:23</subfield>
    <subfield code="s">2024-08-29</subfield>
    <subfield code="t">Ej. 3</subfield>
    <subfield code="w">2022-01-18</subfield>
    <subfield code="y">LIBRO</subfield>
  </datafield>
</record>
